| 000 | 00538nam a2200169 i 4500 | ||
|---|---|---|---|
| 001 | 95690 | ||
| 003 | ES-MaACL | ||
| 007 | t| | ||
| 008 | 050602s1982 sp ||||1| spa d | ||
| 100 | 1 |
_aLloyd, L. E. _972952 |
|
| 245 | 1 | 0 |
_aFundamentos de nutrición / _cL. E. Lloyd, B. E. McDonald, E. W. Crampton; traducido Aurora Pérez Torromé. |
| 260 |
_aZaragoza : _bAcribia, _c1982. |
||
| 300 |
_aXI, 464 p. ; _c24 cm. |
||
| 700 | 1 |
_aMcDonald, B. E. _979552 |
|
| 700 | 1 |
_aPérez Torromé, Aurora. _991179 |
|
| 852 |
_aES-MaACL _jL-4424 _bR.104940 |
||
| 999 |
_c95690 _d95690 |
||